| 000 | 00464nam a22001457a 4500 | ||
|---|---|---|---|
| 003 | MACL | ||
| 005 | 20190106163155.0 | ||
| 008 | 190106b xxu||||| |||| 00| 0 eng d | ||
| 040 | _c MACL | ||
| 100 |
_aभाटिया सुदर्शन _917524 |
||
| 245 | _aकाया निखार और उपचार | ||
| 260 |
_aदिल्ली _bनार्थ इण्डिया _c2016 |
||
| 650 |
_aमेडिकल _973611 |
||
| 942 |
_2ddc _cHIN |
||
| 999 |
_c58862 _d58862 |
||